Expanding opportunity in higher education (Record no. 85741)
[ view plain ]
| 000 -LEADER | |
|---|---|
| fixed length control field | 01790nam a2200421Ia 4500 |
| 082 04 - DEWEY DECIMAL CLASSIFICATION NUMBER | |
| Classification number | 379.2/6 |
| 245 00 - TITLE STATEMENT | |
| Title | Expanding opportunity in higher education |
| 260 ## - PUBLICATION, DISTRIBUTION, ETC. (IMPRINT) | |
| Place of publication | Albany, N.Y. : |
| Name of publisher | State University of New York Press, |
| Year of publication | c2006. |
| 300 ## - PHYSICAL DESCRIPTION | |
| Number of Pages | xi, 302 p. : |
| Other physical details | ill. |
| 490 1# - SERIES STATEMENT | |
| Series statement | SUNY series, frontiers in education |
| 650 #0 - SUBJECT ADDED ENTRY--TOPICAL TERM | |
| Topical Term | Discrimination in higher education |
| Topical Term | Universities and colleges |
| Topical Term | African Americans |
| Topical Term | Hispanic Americans |
| 700 1# - ADDED ENTRY--PERSONAL NAME | |
| Personal name | Gandara, Patricia C. |
| Personal name | Orfield, Gary. |
| Personal name | Horn, Catherine L. |
| 856 40 - ELECTRONIC LOCATION AND ACCESS | |
| Uniform Resource Identifier | http://site.ebrary.com/lib/rucke/Doc?id=10579199 |
No items available.
